[Event "Baden-Baden op"]
[Site "Baden-Baden"]
[Date "2024.02.13"]
[Round "9"]
[White "Dauner, Benedikt"]
[Black "Aumueller, Naum"]
[Result "1-0"]
[WhiteElo "2369"]
[BlackElo "1894"]
[PlyCount "96"]
[EventDate "2024.02.09"]
[EventType "swiss"]
[EventRounds "9"]
[EventCountry "GER"]
[SourceTitle "CB08_2024"]
[SourceDate "2024.02.21"]
[SourceVersion "1"]
[SourceVersionDate "2024.02.21"]
[SourceQuality "1"]

1. d4 Nf6 2. Nf3 d5 3. Bf4 e6 4. e3 Bd6 5. Bxd6 Qxd6 6. c4 dxc4 7. Nbd2 0-0 8. Bxc4 Nbd7 9. 0-0 e5 10. Bb3 exd4 11. Nc4 Qe7 12. Nxd4 Ne5 13. h3 Nxc4 14. Bxc4 c5 15. Nb5 Rd8 16. Qf3 a6 17. Nc3 Rb8 18. Rad1 Rxd1 19. Rxd1 b5 20. Qf4 Rb7 21. Nd5 Nxd5 22. Bxd5 Rd7 23. e4 g6 24. Qb8 Qd8 25. Qf4 Kg7 26. Rc1 c4 27. b3 cxb3 28. Bxb3 Bb7 29. Qe3 Qe7 30. Qc3+ Kg8 31. Re1 Qg5 32. Re2 Qf4 33. e5 Qd4 34. Bxf7+ Kg7 35. Qxd4 Rxd4 36. Bb3 a5 37. Rc2 Bd5 38. Rc7+ Kg8 39. e6 Bxb3 40. axb3 Re4 41. Ra7 Re1+ 42. Kh2 a4 43. bxa4 bxa4 44. Rxa4 Rxe6 45. Ra7 Rb6 46. Kg3 Rb4 47. Rc7 Ra4 48. Rb7 Rc4 1-0

[Event "GER-chT Christmas U16 Lasker"]
[Site "Playchess.com INT"]
[Date "2020.12.28"]
[Round "3.3"]
[White "Aumueller, Naum"]
[Black "Glowiak, Maximilian"]
[Result "1-0"]
[WhiteElo "1622"]
[BlackElo "1420"]
[PlyCount "91"]
[EventDate "2020.12.28"]
[EventType "team-swiss (blitz)"]
[EventRounds "7"]
[EventCountry "GER"]
[SourceTitle "CBM 200 Extra"]
[Source "ChessBase"]
[SourceDate "2021.03.31"]
[SourceVersion "1"]
[SourceVersionDate "2021.03.31"]
[SourceQuality "1"]
[WhiteTeam "Regensburg Bavaria"]
[BlackTeam "Bischofswerda"]
[WhiteTeamCountry "GER"]
[BlackTeamCountry "GER"]

1. e4 c5 2. Nf3 d6 3. d4 cxd4 4. Qxd4 Nc6 5. Bb5 Bd7 6. Bxc6 Bxc6 7. Nc3 Nf6 8. Bg5 e6 9. 0-0-0 Be7 10. Rhe1 0-0 11. Bxf6 Bxf6 12. Qxd6 Qxd6 13. Rxd6 Rfd8 14. e5 Be7 15. Rdd1 Rxd1+ 16. Rxd1 Rd8 17. Rd2 Bxf3 18. Rxd8+ Bxd8 19. gxf3 Bg5+ 20. Kd1 Bf4 21. h3 Bxe5 22. Kd2 Bxc3+ 23. Kxc3 g5 24. Kd4 Kg7 25. Ke5 Kg6 26. c4 Kh5 27. b4 Kh4 28. c5 Kxh3 29. b5 h5 30. c6 bxc6 31. bxc6 Kg2 32. c7 h4 33. c8Q h3 34. Qg8 h2 35. Qxg5+ Kxf2 36. Qh4+ Kg2 37. Qg4+ Kf2 38. Qh3 Kg1 39. Qg3+ Kh1 40. Ke4 f5+ 41. Ke3 f4+ 42. Kxf4 e5+ 43. Ke3 e4 44. fxe4 a5 45. Kf2 a4 46. Qg2# 1-0

[Event "GER-chT Christmas U16 Lasker"]
[Site "Playchess.com INT"]
[Date "2020.12.28"]
[Round "4.3"]
[White "Haenselmann, Hendrik"]
[Black "Aumueller, Naum"]
[Result "0-1"]
[WhiteElo "1828"]
[BlackElo "1622"]
[PlyCount "62"]
[EventDate "2020.12.28"]
[EventType "team-swiss (blitz)"]
[EventRounds "7"]
[EventCountry "GER"]
[SourceTitle "CBM 200 Extra"]
[Source "ChessBase"]
[SourceDate "2021.03.31"]
[SourceVersion "1"]
[SourceVersionDate "2021.03.31"]
[SourceQuality "1"]
[WhiteTeam "Karlsruhe"]
[BlackTeam "Regensburg Bavaria"]
[WhiteTeamCountry "GER"]
[BlackTeamCountry "GER"]

1. e4 e5 2. Nf3 Nc6 3. Nc3 Nf6 4. a3 Bc5 5. Nxe5 Nxe5 6. d4 Bxd4 7. Qxd4 d6 8. Bf4 Nc6 9. Qd3 0-0 10. 0-0-0 Be6 11. h4 Ng4 12. Qd2 Nce5 13. f3 Nf6 14. Qf2 Qe7 15. g4 c6 16. h5 Rad8 17. g5 Ne8 18. Qg3 Nc4 19. Bxc4 Bxc4 20. Qh2 f5 21. e5 d5 22. Ne2 Nc7 23. Ng3 Ne6 24. Qh4 Rde8 25. Rde1 Nd4 26. Re3 Ne6 27. Ne2 d4 28. Nxd4 Nxd4 29. Bh2 f4 30. Rc3 Ne2+ 31. Kb1 Nxc3+ 0-1

[Event "GER-chT Lands U20"]
[Site "Berlin"]
[Date "2020.09.30"]
[Round "2.5"]
[White "Moldovan, Tatiana"]
[Black "Aumueller, Naum"]
[Result "1-0"]
[WhiteElo "1480"]
[BlackElo "1690"]
[PlyCount "127"]
[EventDate "2020.09.29"]
[EventType "team-swiss"]
[EventRounds "7"]
[EventCountry "GER"]
[SourceTitle "CBM 198 Extra"]
[Source "ChessBase"]
[SourceDate "2020.11.30"]
[SourceVersion "1"]
[SourceVersionDate "2020.11.30"]
[SourceQuality "1"]
[WhiteTeam "Wuerttemberg U20"]
[BlackTeam "Bayern U20"]
[WhiteTeamCountry "GER"]
[BlackTeamCountry "GER"]

1. e4 e5 2. Nf3 Nc6 3. Bb5 a6 4. Ba4 b5 5. Bb3 Nf6 6. d4 Nxe4 7. Qe2 d5 8. Nxe5 Nxe5 9. dxe5 Bc5 10. 0-0 Be6 11. Be3 0-0 12. f3 Bxe3+ 13. Qxe3 Ng5 14. h4 Nh3+ 15. gxh3 Qxh4 16. Qf2 Qg5+ 17. Qg2 Qxe5 18. Nc3 b4 19. Na4 Qe3+ 20. Kh1 Rac8 21. Rfe1 Qa7 22. Rg1 g6 23. f4 c6 24. Rgf1 Bf5 25. Kh2 Rfe8 26. Qf2 Re3 27. h4 Rce8 28. Rae1 Qd4 29. c3 bxc3 30. bxc3 Qa7 31. Nb2 Rxe1 32. Qxa7 Rxf1 33. Qxa6 Ree1 34. Nd1 Rh1+ 35. Kg2 Rhg1+ 36. Kf2 Rxd1 37. Bxd1 Rxd1 38. Qxc6 Rd2+ 39. Ke3 Rxa2 40. Qxd5 Be6 41. Qd8+ Kg7 42. h5 Ra4 43. Qg5 h6 44. Qe5+ Kh7 45. hxg6+ Kxg6 46. Kf3 Rc4 47. Qe1 Kf5 48. Qe5+ Kg6 49. Ke3 Rc8 50. Kd3 Rd8+ 51. Ke4 Re8 52. Kd4 Rc8 53. Ke3 Rc4 54. Kf3 Rc8 55. Kg3 Rc4 56. Kh4 Bf5 57. Qd6+ Be6 58. Qd3+ Kg7 59. Kg3 Kf6 60. f5 Bd5 61. Qxd5 Rxc3+ 62. Kg4 Rc1 63. Qd4+ Ke7 64. Qe3+ 1-0

[Event "GER-ch U25-B"]
[Site "Willingen"]
[Date "2019.06.14"]
[Round "8"]
[White "Aumueller, Naum"]
[Black "Halle, Julia"]
[Result "1-0"]
[WhiteElo "1685"]
[BlackElo "1634"]
[PlyCount "85"]
[EventDate "2019.06.08"]
[EventType "swiss"]
[EventRounds "9"]
[EventCountry "GER"]
[SourceTitle "CBM 191 Extra"]
[Source "ChessBase"]
[SourceDate "2019.09.30"]
[SourceVersion "1"]
[SourceVersionDate "2019.09.30"]
[SourceQuality "1"]

1. e4 c5 2. Nf3 Nc6 3. d4 cxd4 4. Nxd4 g6 5. Nc3 Bg7 6. Be3 Nf6 7. Bc4 0-0 8. f3 d6 9. Qd2 a6 10. h4 Nxd4 11. Bxd4 Qc7 12. Bb3 b5 13. Bxf6 exf6 14. Nd5 Qa7 15. Qf4 f5 16. h5 Be6 17. hxg6 fxg6 18. Qxd6 Rae8 19. 0-0-0 fxe4 20. fxe4 Bf7 21. Qh2 h5 22. g4 Rxe4 23. gxh5 gxh5 24. Rdg1 Qd4 25. c3 Qe5 26. Qg2 Rg4 27. Qd2 Rxg1+ 28. Rxg1 Kh7 29. Bc2+ Kh8 30. Qd3 Bg8 31. Qg6 Rf7 32. Nb4 Qe3+ 33. Kb1 Qh6 34. Qxh6+ Bxh6 35. Nxa6 Rg7 36. Rh1 Rg5 37. Bd3 Bd5 38. Re1 Bf3 39. Nc7 h4 40. Re8+ Kg7 41. Ne6+ Kf7 42. Nxg5+ Kxe8 43. Nxf3 1-0

[Event "GER-ch U25-B"]
[Site "Willingen"]
[Date "2019.06.13"]
[Round "7"]
[White "Unbehend, Marius"]
[Black "Aumueller, Naum"]
[Result "0-1"]
[WhiteElo "1395"]
[BlackElo "1685"]
[PlyCount "124"]
[EventDate "2019.06.08"]
[EventType "swiss"]
[EventRounds "9"]
[EventCountry "GER"]
[SourceTitle "CBM 191 Extra"]
[Source "ChessBase"]
[SourceDate "2019.09.30"]
[SourceVersion "1"]
[SourceVersionDate "2019.09.30"]
[SourceQuality "1"]

1. e4 e5 2. d4 exd4 3. Qxd4 Nc6 4. Qe3 Be7 5. Nc3 d6 6. Bd2 Nf6 7. h3 a6 8. Be2 d5 9. exd5 Nxd5 10. Nxd5 Qxd5 11. Bf3 Qc4 12. Qc3 Qe6+ 13. Ne2 Bd7 14. Qb3 Qxb3 15. axb3 0-0-0 16. 0-0 Bf6 17. Bc3 Bxc3 18. bxc3 Ne5 19. Be4 f5 20. Bd3 Rhe8 21. Nd4 g6 22. b4 Nxd3 23. cxd3 Re5 24. Rfe1 Rde8 25. Kf1 Kd8 26. Nb3 Bc6 27. Rxe5 Rxe5 28. Ra5 Rxa5 29. Nxa5 Kd7 30. f3 b6 31. Nc4 Ke6 32. Ke2 f4 33. Kd2 g5 34. Nb2 h5 35. d4 Kf5 36. Ke2 a5 37. bxa5 bxa5 38. c4 a4 39. Nd3 a3 40. Nc1 Ba4 41. Kd2 g4 42. h4 gxf3 43. gxf3 Ke6 44. Na2 Bb3 45. Nc1 Bxc4 46. Kc3 Kd5 47. Kc2 Kxd4 48. Nb3+ Bxb3+ 49. Kxb3 Ke3 50. Kxa3 Kxf3 51. Kb4 Kg2 52. Kc5 f3 53. Kc6 f2 54. Kxc7 f1Q 55. Kd6 Qf5 56. Ke7 Qg6 57. Kd7 Kf3 58. Ke7 Ke4 59. Kd7 Kd5 60. Kc8 Qf7 61. Kd8 Kc6 62. Kc8 Qg8# 0-1

[Event "Landesliga Nord U20 1819"]
[Site "Bayern"]
[Date "2019.02.09"]
[Round "6.4"]
[White "Sargsyan, Arusyak"]
[Black "Aumueller, Naum"]
[Result "0-1"]
[WhiteElo "1315"]
[BlackElo "1607"]
[PlyCount "108"]
[EventDate "2018.11.17"]
[EventType "team-tourn"]
[EventRounds "7"]
[EventCountry "GER"]
[SourceTitle "EXT 2022"]
[Source "ChessBase"]
[SourceDate "2021.10.06"]
[SourceVersion "1"]
[SourceVersionDate "2021.10.06"]
[SourceQuality "1"]
[WhiteTeam "Nuernberg Sued SW U20"]
[BlackTeam "Kelheim SK U20"]
[WhiteTeamCountry "GER"]
[BlackTeamCountry "GER"]

1. e4 e5 2. Nf3 Nc6 3. Bb5 Bc5 4. d3 d6 5. Bxc6+ bxc6 6. Be3 Bxe3 7. fxe3 Rb8 8. b3 Nf6 9. Nc3 Bg4 10. h3 Bxf3 11. Qxf3 d5 12. exd5 cxd5 13. Qg3 0-0 14. Qxe5 Re8 15. Qd4 Qe7 16. Nd1 c5 17. Qf4 Nh5 18. Qg4 Qe5 19. Rb1 Ng3 20. Rg1 Nf5 21. Qf3 Nxe3 22. Nxe3 Qxe3+ 23. Qxe3 Rxe3+ 24. Kf2 Rbe8 25. Rge1 d4 26. Rxe3 Rxe3 27. Re1 Rxe1 28. Kxe1 f5 29. Ke2 Kf7 30. Kf3 Kf6 31. h4 g5 32. hxg5+ Kxg5 33. g3 h5 34. a3 Kg6 35. Ke2 a5 36. Kf3 Kg5 37. a4 f4 38. gxf4+ Kf5 39. Kg3 h4+ 40. Kxh4 Kxf4 41. Kh5 Ke3 42. Kg5 Kd2 43. Kf5 Kxc2 44. Ke4 Kc3 45. Kd5 Kxd3 46. Kxc5 Kc3 47. Kb5 Kxb3 48. Kxa5 d3 49. Kb5 d2 50. a5 d1Q 51. a6 Qd8 52. a7 Qa8 53. Kb6 Kb4 54. Ka6 Kc5 0-1

[Event "Landesliga U20 Sued 1718"]
[Site "Bayern"]
[Date "2017.11.18"]
[Round "1.4"]
[White "Aumueller, Naum"]
[Black "Speter, Ivan"]
[Result "0-1"]
[WhiteElo "1311"]
[BlackElo "1495"]
[PlyCount "63"]
[EventDate "2017.11.18"]
[EventType "team-tourn"]
[EventRounds "7"]
[EventCountry "GER"]
[SourceTitle "EXT 2022"]
[Source "ChessBase"]
[SourceDate "2021.10.06"]
[SourceVersion "1"]
[SourceVersionDate "2021.10.06"]
[SourceQuality "1"]
[WhiteTeam "Regensburg TS U20"]
[BlackTeam "Dorfen PSV U20"]
[WhiteTeamCountry "GER"]
[BlackTeamCountry "GER"]

1. e4 c5 2. Nc3 e6 3. Bc4 Nc6 4. d3 Nf6 5. f4 d6 6. Nf3 Be7 7. 0-0 0-0 8. Qe1 a6 9. a3 Qc7 10. Qg3 Re8 11. f5 exf5 12. exf5 Bxf5 13. Ng5 Bg6 14. Nd5 Nxd5 15. Bxd5 Bxg5 16. Bxg5 Nd4 17. Kh1 Nxc2 18. Rac1 Nd4 19. Bf3 Bxd3 20. Bf6 Nf5 21. Qg4 Bxf1 22. Be4 Bxg2+ 23. Qxg2 Rxe4 24. Qxe4 Qc6 25. Qxc6 bxc6 26. Bc3 Re8 27. Rd1 h6 28. b4 cxb4 29. Bxb4 d5 30. Rc1 Re6 31. Kg2 d4 32. Kf3 0-1